Протокол № 636 заседания Малого Совета Народных Комиссаров от 21 февраля 1921 года и материалы к протоколу

Доступно только в Электронных читальных залах Найти на картеНа карте
RUSMARC
00003515nac2a22002531x 450
001c763ce50-a3d7-4b33-a07c-719e419cda2e
00520160604183319.0
100##$a20160329l1921 k y0rusy50 ca
1010#$arus
102##$aRU
105##$ay z |||||
1220#$ad19210221
2001#$aПротокол № 636 заседания Малого Совета Народных Комиссаров от 21 февраля 1921 года и материалы к протоколу
$j21 февраля 1921
215##$a30 листов
251##$cДело
300##$aМашинописный текст
324##$aКопия
330##$aВходит в раздел описи: Управление Делами Секретариат. I. Протоколы. б/ Протоколы Малого Совета Народных Комиссаров
461#0$1001ad6baeac-e292-4829-90d1-2f4f65796a62
$12001
$aСОВЕТ НАРОДНЫХ КОМИССАРОВ РСФСР (СНК РСФСР)
$1251
$cФонд
$1852
$j130
$gР
462#0$1001749580a7-5abb-40c4-a39c-e540631a040a
$12001
$a1921 г.
$vД. 153
$1251
$cОпись
$1852
$j5
60101$3RU\NLR\AUTH\661074810
$aРСФСР
$bСовет Народных Комиссаров
801#0$aRU
$bGA_RF
801#1$aRU
$bНПО Опыт
$c20160329
$2rusmarc
801#2$aRU
$bПБ им. Б.Н. Ельцина
$c20160604
$gRCR
$2rusmarc
852##$aГА РФ
$j153
937##$d76283629
$hПБ
035##$aRuPRLIB51037769
Формат отображения